000 00486nam a22001937a 4500
005 20220618103511.0
008 220618b ||||| |||| 00| 0 eng d
020 _a9789391883249
040 _aIN-DiNC
_cIN-DiNC
041 _dasm
082 _a330.954
100 _aAhmed Rofique
_eauthor
245 _aBharatiya arthaniti II
_cby Rofique Ahmed
250 _a1st ed.
260 _aJorhat
_bUnika Prakashan
_c2022
300 _a208p.
650 _aindian economy
942 _2ddc
_cBK
999 _c11335
_d11335